Accelerating growth and job creation in south Asia / (Registro nro. 8599)
[ vista simple ]
| 000 -LEADER | |
|---|---|
| fixed length control field | 00937nam a2200241Ia 4500 |
| 003 - CONTROL NUMBER IDENTIFIER | |
| control field | OSt |
| 005 - DATE AND TIME OF LATEST TRANSACTION | |
| control field | 20211019161843.0 |
| 008 - FIXED-LENGTH DATA ELEMENTS--GENERAL INFORMATION | |
| fixed length control field | 210310t2009 ii ad fr 000 0 eng d |
| 020 ## - INTERNATIONAL STANDARD BOOK NUMBER | |
| International Standard Book Number | 9780198060048 |
| 040 ## - CATALOGING SOURCE | |
| Original cataloging agency | CO-JMCR |
| Transcribing agency | CO-JMCR |
| 041 0# - LANGUAGE CODE | |
| Language code of text/sound track or separate title | eng |
| 082 04 - DEWEY DECIMAL CLASSIFICATION NUMBER | |
| Classification number | 338.954 / |
| Item number | G411a |
| Edition number | 23 |
| 100 1# - MAIN ENTRY--PERSONAL NAME | |
| Personal name | Ghani, Ejaz, |
| 9 (RLIN) | 17742 |
| Relator term | editor |
| 245 10 - TITLE STATEMENT | |
| Title | Accelerating growth and job creation in south Asia / |
| Statement of responsibility, etc. | Ejaz Ghani, Sadiq Ahmed |
| 260 ## - PUBLICATION, DISTRIBUTION, ETC. | |
| Place of publication, distribution, etc. | Nueva Delhi : |
| Name of publisher, distributor, etc. | Oxford University Press, |
| Date of publication, distribution, etc. | ©2009 |
| 300 ## - PHYSICAL DESCRIPTION | |
| Extent | xxii, 467 páginas : |
| Other physical details | ilustraciones y gráficas a blanco y negro ; |
| Dimensions | 23 cm. |
| 500 ## - GENERAL NOTE | |
| General note | Incluye notas a pie de página. |
| 504 ## - BIBLIOGRAPHY, ETC. NOTE | |
| Bibliography, etc. note | Bibliografía al final de cada capítulo. |
| 505 0# - FORMATTED CONTENTS NOTE | |
| Formatted contents note | South asia's opportunities and challenges -- Policies and sources of growth -- South asia's opportunities and challenges |
| 650 14 - SUBJECT ADDED ENTRY--TOPICAL TERM | |
| Topical term or geographic name entry element | Crecimiento económico |
| 9 (RLIN) | 17744 |
| Geographic subdivision | Asia |
| 700 1# - ADDED ENTRY--PERSONAL NAME | |
| Personal name | Ahmed, Sadiq, |
| Relator term | editor |
| 9 (RLIN) | 41209 |
| 942 ## - ADDED ENTRY ELEMENTS (KOHA) | |
| Source of classification or shelving scheme | Dewey Decimal Classification |
| Koha item type | Books |
| Withdrawn status | Lost status | Source of classification or shelving scheme | Damaged status | Not for loan | Collection code | Home library | Current library | Date acquired | Source of acquisition | Full call number | Barcode | Date last seen | Copy number | Koha item type |
|---|---|---|---|---|---|---|---|---|---|---|---|---|---|---|
| Dewey Decimal Classification | Non-fiction | Biblioteca Pública José María del Castillo y Rada | Biblioteca Pública José María del Castillo y Rada | 04/15/2018 | Donación | 338.954 / G411a | 430005132 | 05/16/2024 | Ej.1 | Books |